000
00253nam a22001097a 4500
003
SGT
005
20260702095625.0
245
_a
INTERNATIONAL JOURNAL OF COMMUNITY HEALTH NURSING
260
_a
INDIA
_b
MCMED
_c
2021-2022
300
_a
88, 73
942
_2
ddc
_c
BV
999
_c
35000
_d
35000